000 01288nam a2200301 i 4500
001 bg
245 0 0 _aAktualne problemy gospodarki wodno-ściekowej :
_bXIV konferencja naukowo-techniczna, Częstochowa-Ustroń, 27-28 września 2004 r. /
_cpod red. Januarego B. Bienia, Adama J. Kisiela ; [Politechnika Częstochowska. Instytut Inżynierii Środowiska].
260 _aCzęstochowa :
_bWydawnictwa Politechniki Częstochowskiej,
_c2004.
300 _a403, [3] s. :
_brys., wykr. ;
_c24 cm.
490 1 _aKonferencje / Politechnika Częstochowska,
_x1234-9895 ;
_v56
500 _aU góry okł.: 20 lat Instytutu Inżynierii Środowiska. Tekst częśc. ang. Streszcz. ang., pol. przy ref.
504 _aBibliogr. przy ref.
650 9 _aOczyszczalnia ścieków
650 9 _aOsady ściekowe
_xgospodarka
650 9 _aWoda
_xgospodarka
655 _aMateriały konferencyjne
700 1 _aBień, January Bronisław.
_d(1943- ).
_eRed.
700 1 _aKisiel, Adam Józef
_d(1952- ).
_eRed.
830 0 _aKonferencje (Politechnika Częstochowska) ;
_v56
015 _aPB 12774/2005
020 _a8371932626
040 _cBPK
041 0 _apoleng
_bengpol
080 _a628.1/.3:556.18](061)
920 _a83-7193-262-6
942 _cKS
008 s pl f |000 0 pol
999 _c46874
_d46874
856 _uhttp://koha.tu.koszalin.pl/cgi-bin/koha/opac-detail.pl?biblionumber=46874
_yKatalog online BPK